00369nam a2200145Ia 4500008004100000041000800041082001300049100001800062245004800080260002700128300002200155365001600177500001200193700001800205230718s9999 xx 000 0 und d aeng a539bWIC aWichman E. H. aStatistical Physics Berkeley Physics Course bTata Mc-graw Hill Pub. dRef 326 G (30005) cRs.b350.00 a326 GEN aWichman E. H.